| 000 | 00483nam a2200169Ia 4500 | ||
|---|---|---|---|
| 999 |
_c37325 _d37325 |
||
| 003 | OSt | ||
| 005 | 20200929122256.0 | ||
| 008 | 190216s9999||||xx |||||||||||||| ||und|| | ||
| 040 | _coclc | ||
| 082 |
_a591.4 _bJOL/C |
||
| 100 |
_aJollie, Malcolm _95135 |
||
| 245 | 0 |
_aChordate Morphology / _cMalcolm Jollie |
|
| 260 |
_bAffiliated East West Press, _c1962. _aNew Delhi: |
||
| 300 | _a478p | ||
| 650 | _aZoology | ||
| 942 |
_cBK _2ddc _h591.4 _iJOL/C _k591.4 _mJOL/C |
||